LEADER 01358nam0 22003373i 450 001 RAV1693258 005 20251003044331.0 010 $bErr.$z9788838746486 100 $a20090318d2008 ||||0itac50 ba 101 | $aita 102 $ait 181 1$6z01$ai $bxxxe 182 1$6z01$an 183 1$6z01$anc$2RDAcarrier 200 1 $aˆLa ‰disciplina dei rifiuti$eprontuario tecnico-giuridico$ecompendio alfabetico degli istituti e dei procedimenti, orientamenti giurisprudenziali$fMassimo Busą, Paolo Costantino 210 $aSantarcangelo di Romagna$cMaggioli$d[2008] 215 $a479 p.$d24 cm. 225 | $aLegale$v158 410 0$1001MIL0169428$12001 $aLegale$v158 606 $aRifiuti$2FIR$3CFIC073765$9I 676 $a344$9Diritto del lavoro, Diritto in materia di servizio sociale, di educazione e cultura$v14 700 1$aBusą$b, Massimo$3TSAV475489$4070$0612535 701 1$aCostantino$b, Paolo$c $3PMIV005116$4070$0434501 801 3$aIT$bIT-000000$c20090318 850 $aIT-BN0095 901 $bNAP 01$cSALA $n$ 912 $aRAV1693258 950 0$aBiblioteca Centralizzata di Ateneo$c1 v.$d 01SALA 344 BUS.di$e 0104 0000011985 VMA 1 v.$fA $h20090318$i20090318 977 $a 01 996 $aDisciplina dei rifiuti$91140772 997 $aUNISANNIO